000 00517nam a2200193Ia 4500
003 OSt
005 20221007083149.0
006 a|||||r|||| 00| 0
007 ta
008 221006b |||||||| |||| 00| 0 eng d
024 _a24,055
037 _cDissertations
040 _aFLL
_cFLL
_beng
041 _2eng
_aeng
100 _aSah D.N.P.
_9700387
245 0 _aRight of personal liberty with specialreference to the constitution of Nepal.
942 _cDIS
_2CC
999 _c1169055
_d1169055